Every Song by Billy Joel - Statistics

General Stats
  • This quiz has been taken 48 times
    44 since last reset
  • The average score is 40 of 144
Answer Stats
Answer Song % Correct
Piano Man(1973) Piano Man
85%
The Stranger(1977) Movin' Out (Anthony's Song)
68%
Greatest Hits – Volume I & Volume II(1985) She's Always a Woman
68%
River of Dreams(1993) The River of Dreams
68%
An Innocent Man(1983) Uptown Girl
68%
The Stranger(1977) Vienna
65%
52nd Street(1978) My Life
62%
The Stranger(1977) The Stranger
62%
An Innocent Man(1983) An Innocent Man
59%
Storm Front(1989) We Didn't Start the Fire
59%
The Stranger(1977) Just the Way You Are
56%
An Innocent Man(1983) The Longest Time
56%
The Nylon Curtain(1982) Allentown
53%
52nd Street(1978) Big Shot
53%
The Stranger(1977) Scenes from an Italian Restaurant
53%
The Nylon Curtain(1982) Goodnight Saigon
50%
Storm Front(1989) Storm Front
50%
Glass Houses(1980) You May Be Right
50%
52nd Street(1978) Honesty
47%
An Innocent Man(1983) Tell Her About It
47%
52nd Street(1978) 52nd Street
44%
Piano Man(1973) Captain Jack
44%
Glass Houses(1980) It's Still Rock and Roll to Me
44%
Turnstiles(1976) New York State of Mind
44%
The Stranger(1977) Only the Good Die Young
44%
Turnstiles(1976) Summer, Highland Falls
44%
Streetlife Serenade(1974) The Entertainer
44%
52nd Street(1978) Zanzibar
44%
Glass Houses(1980) All for Leyna
41%
Storm Front(1989) And So It Goes
41%
Glass Houses(1980) Don't Ask Me Why
41%
Storm Front(1989) Leningrad
41%
The Nylon Curtain(1982) Pressure
41%
52nd Street(1978) Rosalinda's Eyes
41%
Cold Spring Harbor(1971) She's Got a Way
41%
52nd Street(1978) Stiletto
41%
The Bridge(1986) A Matter of Trust
38%
Cold Spring Harbor(1971) Everybody Loves You Now
38%
River of Dreams(1993) Lullabye (Goodnight, My Angel)
38%
Glass Houses(1980) Sometimes a Fantasy
38%
Streetlife Serenade(1974) Streetlife Serenader
38%
Storm Front(1989) The Downeaster 'Alexa'
38%
The Stranger(1977) Everybody Has a Dream
35%
The Stranger(1977) Get It Right the First Time
35%
Glass Houses(1980) I Don't Want to Be Alone
35%
The Nylon Curtain(1982) Laura
35%
Turnstiles(1976) Miami 2017 (Seen the Lights Go Out on Broadway)
35%
Glass Houses(1980) Sleeping with the Television On
35%
Piano Man(1973) The Ballad of Billy the Kid
35%
An Innocent Man(1983) Christie Lee
32%
Turnstiles(1976) Prelude/Angry Young Man
32%
Turnstiles(1976) James
32%
Turnstiles(1976) Say Goodbye to Hollywood
32%
River of Dreams(1993) All About Soul
29%
Cold Spring Harbor(1971) Falling of the Rain
29%
Storm Front(1989) I Go to Extremes
29%
An Innocent Man(1983) Keeping the Faith
29%
Storm Front(1989) That's Not Her Style
29%
The Bridge(1986) This is the Time
29%
Piano Man(1973) Travelin' Prayer
29%
Storm Front(1989) When in Rome
29%
Piano Man(1973) You're My Home
29%
The Bridge(1986) Baby Grand
26%
Glass Houses(1980) C'était Toi (You Were the One)
26%
Glass Houses(1980) Close to the Borderline
26%
An Innocent Man(1983) Easy Money
26%
Cold Spring Harbor(1971) Nocturne
26%
Streetlife Serenade(1974) Roberta
26%
Streetlife Serenade(1974) Root Beer Rag
26%
The Nylon Curtain(1982) She's Right on Time
26%
Streetlife Serenade(1974) The Great Suburban Showdown
26%
River of Dreams(1993) The Great Wall of China
26%
Streetlife Serenade(1974) The Mexican Connection
26%
An Innocent Man(1983) This Night
26%
Glass Houses(1980) Through the Long Night
26%
Cold Spring Harbor(1971) Tomorrow is Today
26%
52nd Street(1978) Until the Night
26%
The Nylon Curtain(1982) Where's the Orchestra?
26%
Greatest Hits – Volume I & Volume II(1985) You're Only Human (Second Wind)
26%
The Nylon Curtain(1982) A Room of Our Own
24%
River of Dreams(1993) Blonde Over Blue
24%
Turnstiles(1976) I've Loved These Days
24%
Streetlife Serenade(1974) Los Angelenos
24%
The Bridge(1986) Modern Woman
24%
The Bridge(1986) Running on Ice
24%
The Nylon Curtain(1982) Scandinavian Skies
24%
Storm Front(1989) Shameless
24%
Streetlife Serenade(1974) Souvenir
24%
Storm Front(1989) State of Grace
24%
Cold Spring Harbor(1971) Why Judy Why
24%
Piano Man(1973) Ain't No Crime
21%
The Bridge(1986) Big Man on Mulberry Street
21%
An Innocent Man(1983) Careless Talk
21%
Cold Spring Harbor(1971) Got to Begin Again
21%
52nd Street(1978) Half a Mile Away
21%
An Innocent Man(1983) Leave a Tender Moment Alone
21%
Piano Man(1973) Somewhere Along the Line
21%
Piano Man(1973) Stop in Nevada
21%
Cold Spring Harbor(1971) Turn Around
21%
Streetlife Serenade(1974) Weekend Song
21%
Turnstiles(1976) All You Wanna Do is Dance
18%
River of Dreams(1993) A Minor Variation
18%
River of Dreams(1993) Famous Last Words
18%
Streetlife Serenade(1974) Last of the Big Time Spenders
18%
River of Dreams(1993) No Man's Land
18%
River of Dreams(1993) Shades of Grey
18%
Greatest Hits – Volume I & Volume II(1985) The Night is Still Young
18%
River of Dreams(1993) Two Thousand Years
18%
The Bridge(1986) Code of Silence
15%
The Bridge(1986) Getting Closer
15%
Piano Man(1973) If I Only Had the Words (To Tell You)
15%
Fantasies & Delusions(2001) Opus 8. Suite for Piano ("Star-Crossed"): III. Delusion
15%
The Nylon Curtain(1982) Surprises
15%
Piano Man(1973) Worse Comes to Worst
15%
Cold Spring Harbor(1971) You Can Make Me Free
15%
Cold Spring Harbor(1971) You Look So Good to Me
15%
Non-album(2007) Christmas in Fallujah
12%
My Lives(2005) Oyster Bay
12%
The Bridge(1986) Temptation
12%
My Lives(2005) Elvis Presley Blvd.
9%
My Lives(2005) Nobody Knows But Me
9%
My Lives(2005) Only a Man
9%
My Lives(2005) Money or Love
6%
My Lives(2005) New Mexico
6%
My Lives(2005) The End of the World
6%
My Lives(2005) The Prime of Your Life
6%
My Lives(2005) These Rhinestone Days
6%
My Lives(2005) You Picked a Real Bad Time
6%
My Lives(2005) Cross to Bear
3%
My Lives(2005) I'll Cry Instead
3%
My Lives(2005) Motorcycle Song
3%
Fantasies & Delusions(2001) Opus 10. Air ("Dublinesque")
3%
Fantasies & Delusions(2001) Opus 7. Aria ("Grand Canal")
3%
My Lives(2005) House of Blue Fire
0%
Fantasies & Delusions(2001) Opus 1. Soliloquy ("On a Separation")
0%
Fantasies & Delusions(2001) Opus 2. Waltz #1 ("Nunley's Carousel")
0%
Fantasies & Delusions(2001) Opus 3. Reverie ("Villa d'Este")
0%
Fantasies & Delusions(2001) Opus 4. Fantasy ("Film Noir")
0%
Fantasies & Delusions(2001) Opus 5. Waltz #2 ("Steinway Hall")
0%
Fantasies & Delusions(2001) Opus 6. Invention in C Minor
0%
Fantasies & Delusions(2001) Opus 8. Suite for Piano ("Star-Crossed"): I. Innamorato
0%
Fantasies & Delusions(2001) Opus 8. Suite for Piano ("Star-Crossed"): II. Sorbetto
0%
Fantasies & Delusions(2001) Opus 9. Waltz #3 ("For Lola")
0%
My Lives(2005) The Siegfried Lane
0%
No matching quizzes found
Score Distribution
Percent of People with Each Score
Percentile by Number Answered
Your Score History
You have not taken this quiz since the last reset